000 00579nam a2200181 4500
001 123553
003 ES-MaACL
007 t|
008 070214s1982 sp r ||||1| spa d
245 0 0 _aQuímica orgánica /
_cStanley H. Pine [et. al.] ; traducción de Javier Mendoza Sans, Miguel Pericas Brondo.
250 _a2ª. ed.
260 _aMadrid :
_bMcGraw-Hill,
_c1982.
300 _aXV, 1088 p. ;
_c23 cm.
700 1 _aPine, Stanley H.
_992091
700 1 _aMendoza Sans, Javier.
_980267
700 1 _aPericas Brondo, Miguel.
_991252
852 _aES-MaACL
_jL-6523
_bR.107145
999 _c123553
_d123553